[Event "SR 1. liga zapad 2013/2014"]
[Site "?"]
[Date "2014.02.02"]
[Round "39.8"]
[White "Gazikova, Veronika"]
[Black "Nikel, Rastislav"]
[Result "1-0"]
[WhiteElo "2093"]
[BlackElo "2018"]
[PlyCount "103"]
[EventDate "2013.??.??"]
[WhiteTeam "SK Prievidza"]
[BlackTeam "SK Levice"]

1. e4 e5 2. Nf3 Nc6 3. Bc4 Nf6 4. d3 Bc5 5. O-O d6 6. c3 Bg4 7. Nbd2 O-O 8. h3
Bh5 9. Re1 d5 10. Bb3 dxe4 11. dxe4 h6 12. Qe2 Qe7 13. Nf1 Rad8 14. Ng3 Bg6 15.
Nh4 Kh8 16. Qf3 Ng8 17. Nhf5 Qf6 18. Nf1 Nce7 19. g4 c6 20. N1g3 Bxf5 21. exf5
Qh4 22. Ne4 Bb6 23. g5 f6 24. g6 Nd5 25. Rd1 Nge7 26. c4 Nf4 27. Bxf4 exf4 28.
Nd6 Rxd6 29. Rxd6 Nxf5 30. Rd7 h5 31. Bd1 Qg5+ 32. Kf1 Qxg6 33. Qxh5+ Qxh5 34.
Bxh5 Rb8 35. Re1 Bc5 36. Bg6 Nd4 37. Rxb7 Rd8 38. Rd7 Rb8 39. b4 Bxb4 40. Rxd4
Bxe1 41. Kxe1 Kg8 42. Rd7 a5 43. Ra7 Kf8 44. Rxa5 Ke7 45. Ra7+ Kd6 46. Rxg7 Ra8
47. h4 Rxa2 48. h5 Ra1+ 49. Ke2 Rh1 50. Rh7 Kc5 51. h6 Rh3 52. Rh8 1-0

[Event "SR 1. liga zapad 2013/2014"]
[Site "?"]
[Date "2014.02.02"]
[Round "40.1"]
[White "Janko, Zoltan"]
[Black "Debnar, Lubos"]
[Result "1/2-1/2"]
[WhiteElo "2269"]
[BlackElo "2260"]
[PlyCount "60"]
[EventDate "2013.??.??"]
[WhiteTeam "KSC Komarno"]
[BlackTeam "NSK Nitra"]

1. e4 c6 2. d4 d5 3. Nc3 dxe4 4. Nxe4 Bf5 5. Ng3 Bg6 6. f4 e6 7. Nf3 Nf6 8. Bd3
Bd6 9. Ne5 O-O 10. O-O Nbd7 11. Bxg6 hxg6 12. c4 c5 13. Be3 Qc7 14. Nxd7 Nxd7
15. Ne4 cxd4 16. Qxd4 Be7 17. Rfd1 Rfd8 18. Qc3 Qc6 19. Qc2 f5 20. Ng5 Bxg5 21.
fxg5 Ne5 22. Bd4 Nf7 23. Qc3 Nxg5 24. Qg3 Ne4 25. Qxg6 Rd7 26. Be3 Rad8 27.
Rxd7 Qxd7 28. Re1 Rf8 29. g3 b6 30. b3 Qd6 1/2-1/2

[Event "SR 1. liga zapad 2013/2014"]
[Site "?"]
[Date "2014.02.02"]
[Round "40.2"]
[White "Gorusa, Miroslav"]
[Black "Kukel, Imre 1985"]
[Result "0-1"]
[WhiteElo "2146"]
[BlackElo "2249"]
[PlyCount "152"]
[EventDate "2013.??.??"]
[WhiteTeam "NSK Nitra"]
[BlackTeam "KSC Komarno"]

1. d4 Nf6 2. c4 g6 3. Nc3 d5 4. Nf3 Bg7 5. Qb3 dxc4 6. Qxc4 O-O 7. e4 a6 8. Qb3
c5 9. d5 e6 10. dxe6 Bxe6 11. Qxb7 Nbd7 12. Bf4 Qa5 13. Bc7 Qb4 14. Qxb4 cxb4
15. Nd1 Nxe4 16. Be2 Rfc8 17. Bf4 a5 18. O-O Ndc5 19. Be5 a4 20. Bxg7 Kxg7 21.
Ne3 a3 22. b3 Nc3 23. Bc4 Bxc4 24. Nxc4 Re8 25. Rfe1 Rxe1+ 26. Nxe1 Re8 27. Ne3
f5 28. g3 Kf6 29. Kf1 Rd8 30. N3c2 Na6 31. Nf3 Rd1+ 32. Rxd1 Nxd1 33. Ke2 Nc3+
34. Kd3 Nxa2 35. Kc4 Ke6 36. Nfd4+ Kd6 37. Ne2 Kc6 38. Ned4+ Kb6 39. f4 Ka5 40.
Nc6+ Kb6 41. N6d4 Nc7 42. Ne3 Nc3 43. Kxb4 a2 44. Nec2 N7b5 45. Ne6 Nd5+ 46.
Ka4 Ne3 47. Na1 h6 48. h4 Nf1 49. Nf8 Kc5 50. Nxg6 Nxg3 51. Ne5 Nc3+ 52. Ka3
Nd5 53. Kxa2 Nxf4 54. Nc2 Ng2 55. b4+ Kd5 56. Nf3 f4 57. Kb3 Nf5 58. Ka4 Ngxh4
59. Nxh4 Nxh4 60. b5 Nf5 61. b6 Nd6 62. Ne1 h5 63. Nf3 Kc6 64. Kb4 Kxb6 65. Nd4
h4 66. Kc3 h3 67. Nf3 Kc5 68. Kd3 Kd5 69. Ke2 Ne4 70. Kf1 Nf6 71. Ng5 h2 72.
Kg2 Ng4 73. Nf3 Ke4 74. Ng5+ Ke3 75. Kh1 Kf2 76. Nf3 Kg3 0-1

[Event "SR 1. liga zapad 2013/2014"]
[Site "?"]
[Date "2014.02.02"]
[Round "40.3"]
[White "Szegi, Tamas"]
[Black "Skreno, Vladimir"]
[Result "1-0"]
[WhiteElo "2233"]
[BlackElo "2195"]
[PlyCount "101"]
[EventDate "2013.??.??"]
[WhiteTeam "KSC Komarno"]
[BlackTeam "NSK Nitra"]

1. e4 c5 2. c3 Nf6 3. e5 Nd5 4. d4 cxd4 5. Nf3 Nc6 6. Bc4 e6 7. Bxd5 exd5 8.
O-O Be7 9. Nxd4 d6 10. exd6 Bxd6 11. Re1+ Ne7 12. Qf3 O-O 13. Bf4 Bxf4 14. Qxf4
Ng6 15. Qe3 Bd7 16. Nd2 Re8 17. Qg3 Qb6 18. b4 a5 19. Reb1 a4 20. Re1 Rac8 21.
Qf3 Qd6 22. Rad1 Ne5 23. Qg3 Qf6 24. h3 h6 25. Re3 Nc6 26. Rxe8+ Rxe8 27. N2f3
Re4 28. Qc7 Nxd4 29. Nxd4 Qe7 30. Qxb7 Re1+ 31. Rxe1 Qxe1+ 32. Kh2 Qxc3 33.
Qxd5 Qc7+ 34. g3 Bc8 35. b5 Bb7 36. Nc6 Kh7 37. Qe4+ g6 38. Qe7 Qxe7 39. Nxe7
Kg7 40. Nc6 Kf6 41. Nd8 Bd5 42. b6 Ke5 43. b7 Bxb7 44. Nxb7 Kd4 45. a3 Kc4 46.
Kg2 Kb3 47. Kf3 Kxa3 48. Nc5 Kb4 49. Nxa4 Kxa4 50. Ke4 Kb4 51. Ke5 1-0

[Event "SR 1. liga zapad 2013/2014"]
[Site "?"]
[Date "2014.02.02"]
[Round "40.4"]
[White "Pales, Dusan"]
[Black "Baranek, Jozef"]
[Result "0-1"]
[WhiteElo "2014"]
[BlackElo "2152"]
[PlyCount "136"]
[EventDate "2013.??.??"]
[WhiteTeam "NSK Nitra"]
[BlackTeam "KSC Komarno"]

1. e4 c5 2. c3 d5 3. exd5 Qxd5 4. d4 Nf6 5. Nf3 e6 6. Be2 Nc6 7. O-O Be7 8. Be3
cxd4 9. cxd4 O-O 10. Nc3 Qa5 11. Qb3 a6 12. Rfd1 Rd8 13. Rac1 Qb4 14. Qxb4 Nxb4
15. Bg5 Bd7 16. Ne5 Be8 17. Bf3 h6 18. Bh4 g5 19. Bg3 Nbd5 20. Nxd5 Nxd5 21.
Bxd5 Rxd5 22. Rc7 Bf6 23. Rxb7 Rc8 24. h3 h5 25. f3 h4 26. Bh2 Rcd8 27. Rc1
Rxd4 28. Nc4 Bb5 29. b3 Rd1+ 30. Rxd1 Rxd1+ 31. Kf2 Ra1 32. a4 Ra2+ 33. Kf1
Bxc4+ 34. bxc4 Bd4 35. Bd6 Rxa4 36. c5 Rc4 37. Ra7 Bxc5 38. Bxc5 Rxc5 39. Rxa6
Kg7 40. Ra2 f5 41. Kf2 Kf6 42. Rb2 Rc6 43. Ra2 Rd6 44. Ke2 Ke5 45. Kf2 Rd5 46.
Ke3 Rb5 47. Rd2 Rb4 48. Ra2 Kf6 49. Kf2 Rb6 50. Rc2 e5 51. Ra2 Re6 52. Ra5 Rb6
53. Ra2 Ke6 54. Rd2 Rb3 55. Ra2 e4 56. fxe4 fxe4 57. Ra5 Kf6 58. Rc5 Rg3 59.
Ra5 e3+ 60. Ke2 Rxg2+ 61. Kxe3 Rg3+ 62. Ke4 Rxh3 63. Ra6+ Ke7 64. Ke5 Re3+ 65.
Kf5 Rg3 66. Ke5 Kd7 67. Ra7+ Kc6 68. Rh7 h3 0-1

[Event "SR 1. liga zapad 2013/2014"]
[Site "?"]
[Date "2014.02.02"]
[Round "40.5"]
[White "Pallag, Gergely"]
[Black "Dlhy, Jozef"]
[Result "1-0"]
[WhiteElo "2075"]
[BlackElo "2057"]
[PlyCount "53"]
[EventDate "2013.??.??"]
[WhiteTeam "KSC Komarno"]
[BlackTeam "NSK Nitra"]

1. d4 Nf6 2. Bg5 Ne4 3. Bf4 d5 4. f3 Nf6 5. e4 dxe4 6. Nc3 e3 7. Bxe3 g6 8. Qd2
Bg7 9. O-O-O Nbd7 10. Bc4 Nb6 11. Bb3 c6 12. Bh6 O-O 13. h4 Bxh6 14. Qxh6 Nbd5
15. h5 Qc7 16. Nge2 e6 17. Ne4 Nxh5 18. g4 f5 19. gxh5 fxe4 20. hxg6 Qg7 21.
gxh7+ Kh8 22. Qxg7+ Kxg7 23. h8=Q+ Rxh8 24. Rdg1+ Kf6 25. Rxh8 exf3 26. Bxd5
exd5 27. Ng3 1-0

[Event "SR 1. liga zapad 2013/2014"]
[Site "?"]
[Date "2014.02.02"]
[Round "40.6"]
[White "Valovic, Stefan"]
[Black "Voros, Gellert"]
[Result "0-1"]
[WhiteElo "1987"]
[BlackElo "2038"]
[PlyCount "73"]
[EventDate "2013.??.??"]
[WhiteTeam "NSK Nitra"]
[BlackTeam "KSC Komarno"]

1. d4 d5 2. Nf3 Nf6 3. e3 c5 4. c3 Nc6 5. Bd3 Bg4 6. h3 Bh5 7. Nbd2 Rc8 8. O-O
e5 9. dxe5 Nxe5 10. Qa4+ Nc6 11. Bf5 Rc7 12. Ne5 Bd6 13. Nxc6 bxc6 14. Re1 O-O
15. b3 Qe7 16. g4 c4 17. Nf3 g6 18. Bc2 Nxg4 19. hxg4 Bxg4 20. Bd1 Re8 21. bxc4
Qf6 22. c5 Re4 23. Qc2 Bxf3 24. Bxf3 Qxf3 25. Qxe4 Qxe4 26. cxd6 Rd7 27. Ba3
Qa4 28. Bc5 Qc4 29. Bb4 c5 30. Ba5 Rxd6 31. Bc7 Re6 32. Rec1 h5 33. a3 Re4 34.
Rab1 Rg4+ 35. Kh2 Qe4 36. Rb8+ Kh7 37. f3 0-1

[Event "SR 1. liga zapad 2013/2014"]
[Site "?"]
[Date "2014.02.02"]
[Round "40.7"]
[White "Molnar, Erno"]
[Black "Pereszlenyi, Gejza"]
[Result "1/2-1/2"]
[WhiteElo "2002"]
[BlackElo "2000"]
[PlyCount "67"]
[EventDate "2013.??.??"]
[WhiteTeam "KSC Komarno"]
[BlackTeam "NSK Nitra"]

1. e4 c6 2. d4 d5 3. Nc3 dxe4 4. Nxe4 Bf5 5. Ng3 Bg6 6. h4 h6 7. Nf3 Nd7 8. h5
Bh7 9. Bd3 Bxd3 10. Qxd3 e6 11. Bf4 Ngf6 12. O-O-O Be7 13. c4 Qa5 14. Kb1 b5
15. Ne5 Rc8 16. Nxd7 Nxd7 17. c5 Nf6 18. Ne4 Nxe4 19. Qxe4 Qd8 20. Rhe1 O-O 21.
Rd3 Re8 22. Be5 Bf6 23. Rg3 Bxe5 24. Qxe5 f6 25. Qf4 Qc7 26. Qg4 Qf7 27. Rge3
Rcd8 28. Rxe6 Rxe6 29. Qxe6 Rxd4 30. Qc8+ Kh7 31. Qf5+ Kg8 32. Qc8+ Kh7 33.
Qf5+ Kg8 34. Qc8+ 1/2-1/2

[Event "SR 1. liga zapad 2013/2014"]
[Site "?"]
[Date "2014.02.02"]
[Round "41.1"]
[White "Petrik, Tomas"]
[Black "Zetocha, Claudiu"]
[Result "1-0"]
[WhiteElo "2519"]
[BlackElo "2363"]
[PlyCount "79"]
[EventDate "2013.??.??"]
[WhiteTeam "SK Modra"]
[BlackTeam "SK Slovan Bratislava C"]

1. e4 c5 2. Nf3 e6 3. d4 cxd4 4. Nxd4 a6 5. Be2 Nf6 6. Nc3 Qc7 7. O-O Bb4 8.
Qd3 Nc6 9. Kh1 Nxd4 10. Qxd4 Bc5 11. Qd3 b5 12. f4 b4 13. Na4 Be7 14. Bf3 Bb7
15. Be3 d5 16. exd5 Bxd5 17. Nb6 Bxf3 18. Rxf3 Rb8 19. Qxa6 O-O 20. Qc4 Qd6 21.
Qd4 Qc7 22. Qc4 Qd6 23. Qd4 Qc7 24. a4 bxa3 25. bxa3 Ng4 26. Qd7 Qxc2 27. Rc1
Qe2 28. Bg1 Qb2 29. Rcf1 Rfe8 30. Bd4 Qe2 31. h3 Nf6 32. Qc6 Ne4 33. Rc1 Bf6
34. Nd7 Rbd8 35. Nxf6+ gxf6 36. Re3 Nf2+ 37. Kh2 Qd2 38. Rg3+ Kf8 39. Qc5+ Re7
40. Bxf2 1-0

[Event "SR 1. liga zapad 2013/2014"]
[Site "?"]
[Date "2014.02.02"]
[Round "41.2"]
[White "Havlicek, Libor"]
[Black "Bernasek, Jan"]
[Result "0-1"]
[WhiteElo "2268"]
[BlackElo "2539"]
[PlyCount "56"]
[EventDate "2013.??.??"]
[WhiteTeam "SK Slovan Bratislava C"]
[BlackTeam "SK Modra"]

1. d4 Nf6 2. Nf3 e6 3. g3 b5 4. a4 b4 5. c4 Bb7 6. Bg2 c5 7. O-O Na6 8. Nbd2
Be7 9. d5 exd5 10. Nh4 O-O 11. Nf5 Bc6 12. cxd5 Nxd5 13. Qb3 Ndc7 14. Bxc6 dxc6
15. Rd1 Ne6 16. Nf3 Qe8 17. Ne5 Nd4 18. Qc4 Nxf5 19. Qxa6 Nd4 20. e3 Nb3 21.
Rb1 Rd8 22. Qe2 Rd5 23. Nc4 Bf6 24. Bd2 Nd4 25. Qg4 h5 26. Qh3 Nf3+ 27. Kf1 Qe4
28. Rbc1 Rfd8 0-1

[Event "SR 1. liga zapad 2013/2014"]
[Site "?"]
[Date "2014.02.02"]
[Round "41.3"]
[White "Federic, Jozef"]
[Black "Ruckschloss, Karol"]
[Result "1-0"]
[WhiteElo "2269"]
[BlackElo "2244"]
[PlyCount "129"]
[EventDate "2013.??.??"]
[WhiteTeam "SK Modra"]
[BlackTeam "SK Slovan Bratislava C"]

1. d4 f5 2. Nc3 Nf6 3. Bg5 c6 4. Bxf6 exf6 5. e3 d5 6. Bd3 Be6 7. h4 h5 8. Qf3
g6 9. Nge2 Bd6 10. Nf4 Bf7 11. O-O-O Nd7 12. Qe2 Qa5 13. Qd2 O-O-O 14. Kb1 Qc7
15. Nce2 b5 16. Nc1 a5 17. Be2 Kb7 18. Nfd3 Ra8 19. Bf3 Qb6 20. c3 b4 21. Nb3
Rhb8 22. Rc1 Kc7 23. Rhd1 a4 24. Nbc5 b3 25. a3 Rd8 26. Nxd7 Kxd7 27. Nb4 Ke7
28. Be2 Kf8 29. Rh1 Rab8 30. Bd3 Rb7 31. Rce1 Re7 32. Ka1 Kg7 33. Bb1 Rde8 34.
g3 Qc7 35. Qd3 Qb7 36. Qa6 Qxa6 37. Nxa6 Kh6 38. Nb4 Rc8 39. Bd3 Be6 40. Kb1 c5
41. dxc5 Rxc5 42. Be2 Bf7 43. Bf3 g5 44. Kc1 f4 45. gxf4 gxf4 46. Nd3 Rc4 47.
Kd2 fxe3+ 48. Rxe3 d4 49. cxd4 Rc2+ 50. Kd1 Bg6 51. Nc5 Bxc5 52. dxc5 Rxe3 53.
fxe3 Rxb2 54. c6 Rc2 55. Rg1 Bd3 56. Rg8 b2 57. Rb8 Bf5 58. e4 Rc1+ 59. Kd2
b1=Q 60. Rxb1 Rxb1 61. exf5 Rb5 62. Be4 Kg7 63. Kd3 Kf8 64. Kd4 Ke7 65. c7 1-0

[Event "SR 1. liga zapad 2013/2014"]
[Site "?"]
[Date "2014.02.02"]
[Round "41.4"]
[White "Castiglione, Mario"]
[Black "Klemanic, Emil"]
[Result "1/2-1/2"]
[WhiteElo "2240"]
[BlackElo "2249"]
[PlyCount "22"]
[EventDate "2013.??.??"]
[WhiteTeam "SK Slovan Bratislava C"]
[BlackTeam "SK Modra"]

1. Nf3 Nf6 2. c4 g6 3. Nc3 Bg7 4. d4 d6 5. Bg5 O-O 6. e3 c5 7. Be2 h6 8. Bh4
Qa5 9. O-O g5 10. Bg3 Nh5 11. a3 Nxg3 1/2-1/2

[Event "SR 1. liga zapad 2013/2014"]
[Site "?"]
[Date "2014.02.02"]
[Round "41.5"]
[White "Banas, Kamil"]
[Black "Kovac, Andrej"]
[Result "1-0"]
[WhiteElo "2221"]
[BlackElo "2171"]
[PlyCount "77"]
[EventDate "2013.??.??"]
[WhiteTeam "SK Modra"]
[BlackTeam "SK Slovan Bratislava C"]

1. d4 Nf6 2. c4 c5 3. d5 b5 4. Qc2 e6 5. e4 bxc4 6. Bxc4 exd5 7. exd5 d6 8. Bf4
Be7 9. Ne2 O-O 10. Ng3 Re8 11. O-O g6 12. Nc3 Nbd7 13. Bb5 Rb8 14. Rfe1 Bf8 15.
Bxd7 Bxd7 16. Rxe8 Bxe8 17. Nge4 Nxe4 18. Nxe4 Rb6 19. Re1 Bd7 20. Bg5 Qc8 21.
Nf6+ Kh8 22. Qc3 Bg7 23. Re7 Rb7 24. Qe1 Bb5 25. Re4 h6 26. Rh4 Qf8 27. Qe3 h5
28. Qf3 Bh6 29. Qf4 Re7 30. h3 Re1+ 31. Kh2 Bg7 32. Nxh5 gxh5 33. Rxh5+ Kg8 34.
Qf5 f6 35. Qh7+ Kf7 36. Bxf6 Bd3 37. Bxg7 Bxh7 38. Bxf8 Bg6 39. Rg5 1-0

[Event "SR 1. liga zapad 2013/2014"]
[Site "?"]
[Date "2014.02.02"]
[Round "41.6"]
[White "Hacik, Radomir"]
[Black "Federic, Pavol"]
[Result "1/2-1/2"]
[WhiteElo "2209"]
[BlackElo "2172"]
[PlyCount "130"]
[EventDate "2013.??.??"]
[WhiteTeam "SK Slovan Bratislava C"]
[BlackTeam "SK Modra"]

1. e4 e5 2. Nf3 Nc6 3. Bb5 a6 4. Ba4 Nf6 5. O-O Nxe4 6. Re1 Nc5 7. Bxc6 dxc6 8.
Nxe5 Be6 9. d4 Nd7 10. Nc3 Be7 11. Bf4 Nf6 12. Qf3 O-O 13. Rad1 Nd5 14. a3 Nxf4
15. Qxf4 Bg5 16. Qf3 Qf6 17. d5 cxd5 18. Nxd5 Qxf3 19. Nxf3 Bd8 20. Nf4 Bg4 21.
Rd3 c6 22. Ne5 Bf5 23. Nd7 Ba5 24. b4 Rfe8 25. Rde3 Rxe3 26. fxe3 Bxb4 27. axb4
Bxd7 28. Nd3 Re8 29. e4 f6 30. Kf2 Kf7 31. Ke3 Be6 32. Kd4 b6 33. c4 Rd8+ 34.
Kc3 g5 35. Ra1 Bc8 36. c5 b5 37. Rf1 Kg6 38. h3 h5 39. Nf2 f5 40. exf5+ Bxf5
41. g4 hxg4 42. hxg4 Be6 43. Ne4 Bd5 44. Rf6+ Kg7 45. Rd6 Re8 46. Nf6 Re3+ 47.
Kd4 Rb3 48. Nxd5 cxd5 49. Rxa6 Rxb4+ 50. Kxd5 Kf7 51. c6 Ke7 52. Ra7+ Kd8 53.
Rg7 Rxg4 54. c7+ Kc8 55. Kc6 Rc4+ 56. Kb6 g4 57. Rg8+ Kd7 58. Rd8+ Ke6 59.
c8=Q+ Rxc8 60. Rxc8 Kf5 61. Kc5 Ke4 62. Re8+ Kf3 63. Kd4 g3 64. Rf8+ Ke2 65.
Rg8 Kf2 1/2-1/2

[Event "SR 1. liga zapad 2013/2014"]
[Site "?"]
[Date "2014.02.02"]
[Round "41.7"]
[White "Matejovic, Juraj"]
[Black "Dolnak, Michal"]
[Result "1/2-1/2"]
[WhiteElo "2186"]
[BlackElo "2164"]
[PlyCount "111"]
[EventDate "2013.??.??"]
[WhiteTeam "SK Modra"]
[BlackTeam "SK Slovan Bratislava C"]

1. e4 e5 2. Nf3 Nc6 3. Bb5 Nf6 4. O-O Nxe4 5. d4 Nd6 6. Bxc6 dxc6 7. dxe5 Nf5
8. Qxd8+ Kxd8 9. h3 Ke8 10. b3 h5 11. Bb2 Be7 12. Nbd2 h4 13. Rfe1 Be6 14. Ne4
Rh5 15. Rad1 a5 16. a4 Rd8 17. Rxd8+ Kxd8 18. Rd1+ Kc8 19. Kf1 Bd5 20. Nfd2 c5
21. Ke2 Nd4+ 22. Bxd4 cxd4 23. f4 Rf5 24. Rf1 g5 25. fxg5 Rxe5 26. Kd3 c5 27.
c4 dxc3 28. Nxc3 Be6 29. Nf3 Rf5 30. g6 fxg6 31. Re1 Rf6 32. Nxh4 g5 33. Nf3
Bf5+ 34. Ne4 Re6 35. Nfd2 b6 36. g4 Bg6 37. Re2 Kc7 38. Kc4 Bf6 39. Kb5 Bc3 40.
Nxc3 Bd3+ 41. Nc4 Bxe2 42. Nxe2 Rxe2 43. Nxb6 Rb2 44. Kxc5 Rxb3 45. Nd5+ Kb7
46. Nf6 Ka6 47. Ne4 Rxh3 48. Nxg5 Ra3 49. Ne4 Rxa4 50. Kd5 Ra1 51. g5 Rg1 52.
Ke5 a4 53. Nc5+ Kb5 54. Nxa4 Rxg5+ 55. Kf4 Kxa4 56. Kxg5 1/2-1/2

[Event "SR 1. liga zapad 2013/2014"]
[Site "?"]
[Date "2014.02.02"]
[Round "41.8"]
[White "Valent, Ivan"]
[Black "Mydlarik, Martin"]
[Result "1-0"]
[WhiteElo "2202"]
[BlackElo "2112"]
[PlyCount "109"]
[EventDate "2013.??.??"]
[WhiteTeam "SK Slovan Bratislava C"]
[BlackTeam "SK Modra"]

1. e4 e6 2. d3 d5 3. Nd2 c5 4. Ngf3 Nc6 5. g3 Nf6 6. Bg2 Be7 7. O-O O-O 8. Re1
b5 9. e5 Nd7 10. h4 Qb6 11. Nf1 f6 12. exf6 Bxf6 13. Rxe6 Nde5 14. Rxe5 Nxe5
15. Nxe5 Bxe5 16. Bxd5+ Be6 17. Bxa8 Rxa8 18. Qe2 Qd6 19. Bf4 Bxf4 20. gxf4 Re8
21. Qe5 Qc6 22. Re1 Bf7 23. Qc3 Qf3 24. Rxe8+ Bxe8 25. d4 Qg4+ 26. Qg3 Qxg3+
27. Nxg3 cxd4 28. Ne2 d3 29. cxd3 b4 30. f3 Bb5 31. Nd4 Bd7 32. Kf2 Kf7 33. f5
Ke7 34. Ke3 Kf6 35. Kf4 a5 36. a3 bxa3 37. bxa3 Bc8 38. Ke4 Bb7+ 39. Kf4 Bc8
40. Nb3 Bxf5 41. Nxa5 Bxd3 42. Nb3 Bb5 43. Nc5 g6 44. a4 Bc6 45. a5 h6 46. Kg4
Ke5 47. Ne4 Bd7+ 48. Kg3 Bc6 49. Nf2 h5 50. Nd3+ Kf5 51. f4 Bb7 52. Nc5 Bc6 53.
a6 Kf6 54. a7 Ke7 55. Na4 1-0

[Event "SR 1. liga zapad 2013/2014"]
[Site "?"]
[Date "2014.02.02"]
[Round "42.1"]
[White "Smolen, Jan"]
[Black "Schwarz, Dusan"]
[Result "1-0"]
[WhiteElo "2384"]
[BlackElo "2390"]
[PlyCount "65"]
[EventDate "2013.??.??"]
[WhiteTeam "SK Strelec Devinska Nova Ves"]
[BlackTeam "SK Doprastav Bratislava B"]

1. e4 c5 2. Nf3 e6 3. d4 cxd4 4. Nxd4 Nc6 5. Nb5 d6 6. Bf4 e5 7. Be3 Nf6 8. Bg5
a6 9. N5c3 Be6 10. Nd2 Be7 11. Nc4 Rc8 12. Bxf6 gxf6 13. Ne3 Nd4 14. Bd3 h5 15.
Ncd5 h4 16. c3 Nb5 17. Bxb5+ axb5 18. Qd3 Qa5 19. O-O Bd8 20. h3 Rg8 21. Kh2
Rg6 22. Qe2 Rh6 23. Qf3 Kf8 24. Nf5 Bxf5 25. Qxf5 Rc6 26. Rfd1 Qa8 27. Nb4 Rc4
28. Rd5 Ba5 29. Nc2 Qa6 30. Ne3 Rc6 31. Qd7 b4 32. Nf5 Rg6 33. Qe7+ 1-0

[Event "SR 1. liga zapad 2013/2014"]
[Site "?"]
[Date "2014.02.02"]
[Round "42.2"]
[White "Todor, Razvan"]
[Black "Machalova, Veronika"]
[Result "1/2-1/2"]
[WhiteElo "2161"]
[BlackElo "2224"]
[PlyCount "56"]
[EventDate "2013.??.??"]
[WhiteTeam "SK Doprastav Bratislava B"]
[BlackTeam "SK Strelec Devinska Nova Ves"]

1. c4 e5 2. g3 Nc6 3. Bg2 g6 4. Nc3 Bg7 5. e4 d6 6. Nge2 Nge7 7. O-O O-O 8. d3
h6 9. Nd5 Kh7 10. Rb1 a5 11. a3 Nd4 12. Nxd4 exd4 13. Nxe7 Qxe7 14. f4 f5 15.
exf5 gxf5 16. Bd2 c6 17. Qe1 Qxe1 18. Rbxe1 Bf6 19. Bf3 Kg6 20. Rf2 Bd7 21. Rg2
h5 22. h3 Rg8 23. Rf1 Be7 24. Re1 Bf6 25. Rf1 Be7 26. Re1 Bf6 27. Rf1 Be7 28.
Re1 Bf6 1/2-1/2

[Event "SR 1. liga zapad 2013/2014"]
[Site "?"]
[Date "2014.02.02"]
[Round "42.3"]
[White "Peitl, Tomas"]
[Black "Bednar, Jan"]
[Result "1/2-1/2"]
[WhiteElo "2207"]
[BlackElo "2185"]
[PlyCount "38"]
[EventDate "2013.??.??"]
[WhiteTeam "SK Strelec Devinska Nova Ves"]
[BlackTeam "SK Doprastav Bratislava B"]

1. e4 e5 2. Nf3 Nc6 3. Bb5 a6 4. Ba4 Nf6 5. O-O Be7 6. Re1 b5 7. Bb3 d6 8. c3
O-O 9. h3 Nb8 10. d4 Nbd7 11. Nbd2 Bb7 12. Bc2 Re8 13. Nf1 Bf8 14. d5 c6 15.
dxc6 Bxc6 16. Ng3 Qc7 17. a4 Qb7 18. Qe2 h6 19. Nd2 d5 1/2-1/2

[Event "SR 1. liga zapad 2013/2014"]
[Site "?"]
[Date "2014.02.02"]
[Round "42.4"]
[White "Danada, Tomas"]
[Black "Sosovicka, Juraj"]
[Result "1/2-1/2"]
[WhiteElo "2099"]
[BlackElo "2188"]
[PlyCount "36"]
[EventDate "2013.??.??"]
[WhiteTeam "SK Doprastav Bratislava B"]
[BlackTeam "SK Strelec Devinska Nova Ves"]

1. d4 d5 2. Nf3 Nf6 3. c4 c6 4. e3 e6 5. Bd3 Nbd7 6. O-O Bd6 7. Nbd2 O-O 8. e4
dxe4 9. Nxe4 Nxe4 10. Bxe4 Qc7 11. Re1 c5 12. Be3 Nf6 13. dxc5 Bxc5 14. Bxc5
Qxc5 15. Qd4 Qxd4 16. Nxd4 Nxe4 17. Rxe4 Rd8 18. Rd1 Bd7 1/2-1/2

[Event "SR 1. liga zapad 2013/2014"]
[Site "?"]
[Date "2014.02.02"]
[Round "42.5"]
[White "Duben, Igor"]
[Black "Karas, Marek"]
[Result "1/2-1/2"]
[WhiteElo "2179"]
[BlackElo "2037"]
[PlyCount "116"]
[EventDate "2013.??.??"]
[WhiteTeam "SK Strelec Devinska Nova Ves"]
[BlackTeam "SK Doprastav Bratislava B"]

1. d4 Nf6 2. Nf3 e6 3. c4 b6 4. Nc3 Bb4 5. Bd2 Bb7 6. e3 O-O 7. Bd3 c5 8. a3
Bxc3 9. Bxc3 Ne4 10. O-O Nxc3 11. bxc3 d6 12. Qe2 Qe7 13. e4 e5 14. d5 Nd7 15.
Qe3 g6 16. Nd2 f6 17. Bc2 Rab8 18. Ba4 Rfd8 19. Bc2 Kg7 20. a4 a5 21. Rab1 Ba6
22. Bd1 Nf8 23. Bg4 h5 24. Be2 Nd7 25. Qg3 Rh8 26. Nf3 Rbg8 27. Nh4 Kf7 28. Qh3
Rg7 29. Qg3 Rhh7 30. Rb2 Qe8 31. Qe3 Ke7 32. Qh3 Kd8 33. Qe6 Qe7 34. Rfb1 Bc8
35. Qxe7+ Kxe7 36. Bd3 Kd8 37. Kf1 Kc7 38. g3 Ba6 39. Ke2 Rh8 40. Ke3 Rb8 41.
Rg1 Nf8 42. f4 Nd7 43. Rf2 Rf8 44. f5 g5 45. Nf3 Rfg8 46. Rb1 Kb7 47. Nd2 g4
48. Rh1 h4 49. Rg2 Rh8 50. gxh4 Rxh4 51. Rhg1 Rh3+ 52. Ke2 Rgh7 53. Nf1 Kc7 54.
Rxg4 Bc8 55. Rg8 Nb8 56. R1g6 Bd7 57. R6g7 Rxg7 58. Rxg7 Kd8 1/2-1/2

[Event "SR 1. liga zapad 2013/2014"]
[Site "?"]
[Date "2014.02.02"]
[Round "42.6"]
[White "Polacik, Igor"]
[Black "Sosovicka, Matej"]
[Result "1/2-1/2"]
[WhiteElo "2168"]
[BlackElo "2098"]
[PlyCount "50"]
[EventDate "2013.??.??"]
[WhiteTeam "SK Doprastav Bratislava B"]
[BlackTeam "SK Strelec Devinska Nova Ves"]

1. d4 d5 2. e3 Nf6 3. Nf3 Bf5 4. c4 c6 5. Nc3 e6 6. cxd5 exd5 7. Bd3 Bxd3 8.
Qxd3 Nbd7 9. O-O Be7 10. Rb1 a5 11. Bd2 O-O 12. Rfc1 Re8 13. Qc2 Bd6 14. a3 Ne4
15. Be1 f5 16. b4 axb4 17. axb4 g5 18. Nxe4 fxe4 19. Nd2 g4 20. Nf1 Re6 21. b5
Bc7 22. bxc6 bxc6 23. Qe2 Rg6 24. Ra1 Nf8 25. Qb2 Rxa1 1/2-1/2

[Event "SR 1. liga zapad 2013/2014"]
[Site "?"]
[Date "2014.02.02"]
[Round "42.7"]
[White "Oprea, Erik"]
[Black "Orosi, Peter"]
[Result "1-0"]
[WhiteElo "2130"]
[BlackElo "2065"]
[PlyCount "93"]
[EventDate "2013.??.??"]
[WhiteTeam "SK Strelec Devinska Nova Ves"]
[BlackTeam "SK Doprastav Bratislava B"]

1. e4 d5 2. exd5 Qxd5 3. Nf3 Nf6 4. Nc3 Qd6 5. d3 Nc6 6. Be2 Bf5 7. h3 e6 8.
Be3 Be7 9. Qd2 Qd7 10. a3 O-O 11. O-O a6 12. Rfe1 Rad8 13. Rad1 Rfe8 14. Nh4
Bg6 15. Nxg6 hxg6 16. d4 b5 17. Bf3 Na5 18. Qe2 c6 19. Ne4 Nxe4 20. Bxe4 Nc4
21. Bc1 Qc7 22. Qf3 c5 23. dxc5 Bxc5 24. c3 Rxd1 25. Rxd1 Rd8 26. Rxd8+ Qxd8
27. Qd3 Qb6 28. Qe2 Nd6 29. Bc2 Ne8 30. b4 Bd6 31. c4 bxc4 32. Qxc4 Nc7 33. Be3
Qb5 34. Bd3 Qh5 35. Qc1 a5 36. Bb6 axb4 37. Bxc7 Bxc7 38. Qxc7 Qd1+ 39. Kh2
Qxd3 40. axb4 Qd4 41. Qc8+ Kh7 42. Qc5 Qd7 43. b5 e5 44. b6 Qd1 45. Qc7 Qe2 46.
b7 Qxf2 47. Qxe5 1-0

[Event "SR 1. liga zapad 2013/2014"]
[Site "?"]
[Date "2014.02.02"]
[Round "42.8"]
[White "Krajnak, Robert"]
[Black "Hricak, Vasil"]
[Result "0-1"]
[WhiteElo "2045"]
[BlackElo "2118"]
[PlyCount "94"]
[EventDate "2013.??.??"]
[WhiteTeam "SK Doprastav Bratislava B"]
[BlackTeam "SK Strelec Devinska Nova Ves"]

1. c4 e5 2. Nc3 f5 3. d3 Nf6 4. Nf3 Nc6 5. e3 Bb4 6. Bd2 O-O 7. Be2 d6 8. O-O
Bxc3 9. Bxc3 e4 10. Nd2 exd3 11. Bxd3 Ne5 12. Bc2 Nfg4 13. Nf3 Be6 14. b3 Qf6
15. Nxe5 Nxe5 16. Qd4 Qg6 17. Qf4 Nd7 18. Rad1 Nf6 19. Rd4 Bd7 20. Qg3 Qxg3 21.
hxg3 g6 22. f3 Bc6 23. Kf2 Rae8 24. Rh1 Re6 25. Rdh4 h5 26. b4 b6 27. Bb3 Rfe8
28. Rd1 Ng4+ 29. fxg4 Rxe3 30. c5+ Kh7 31. Re1 Rxc3 32. Rxe8 Bxe8 33. cxd6 fxg4
34. dxc7 Rxc7 35. Rh1 Bf7 36. Bxf7 Rxf7+ 37. Ke3 Kh6 38. a4 Re7+ 39. Kf2 Re4
40. Rb1 a5 41. bxa5 bxa5 42. Ra1 Kg5 43. Ra3 Kf5 44. Ra2 g5 45. Kg1 h4 46. Kh2
Re3 47. gxh4 g3+ 0-1